| 000 | 00392nam a2200133Ia 4500 | ||
|---|---|---|---|
| 008 | 220217s9999||||xx |||||||||||||| ||und|| | ||
| 020 | _a81-89866-15-X | ||
| 082 | _a620.004 MUR | ||
| 100 | _aMurthy, Tryambaka, S | ||
| 245 | 0 | _aComputer aided engineering drawing | |
| 260 |
_aIK International publishing house _bNew Delhi _c2009 |
||
| 300 |
_a128p.;28cm _b95 |
||
| 650 |
_aCAD/CAM _95854 |
||
| 999 |
_c180560 _d180560 |
||